000 00412nab a2200145Ia 4500
003 ES-SlBCS
005 20210601124412.0
008 140529s1965 xxu||||| |||| 00| 0 eng d
041 _aeng
100 1 _aWelch, Cyril
_9141504
245 0 0 _aPlato and Aporia
_c Cyril Welch
600 0 4 _aPlatón-Aporía
_9141505
773 0 _tGiornali di Metafisica
_gvol. 20, nº. 1-2, 1965, págs. 82-90
_w0017-0372
942 _cAR
999 _c514220
_d514220